Online
Catalog
Normal view MARC view

Entry Nombre personal

Number of records used in: 17

001 - NÚMERO DE CONTROL

  • campo de control: 1097

003 - IDENTIFICADOR DEL NÚMERO DE CONTROL

  • campo de control: BNPHU

005 - FECHA Y HORA DE LA ÚLTIMA TRANSACCIÓN

  • campo de control: 20240307183156.0

008 - DATOS DE LONGITUD FIJA

  • campo de control de longitud fija: 200615|| aca||aabn | a|a d

010 ## - NÚMERO DE CONTROL DE LA BIBLIOTECA DEL CONGRESO

  • Número de control de LC: n 91097889

040 ## - FUENTE DE LA CATALOGACIÓN

  • Centro catalogador/agencia de origen: DO-SdBNP
  • Lengua de catalogación: spa
  • Centro/agencia transcriptor: BNPHU
  • Normas de descripción: rda

100 1# - ENCABEZAMIENTO-NOMBRE DE PERSONA

  • Nombre de persona: Cabral, Euri

370 ## - LUGAR ASOCIADO

  • Lugar de nacimiento: República Dominicana

374 ## - OCUPACIÓN

  • Ocupación: Comunicador

375 ## - GÉNERO/SEXO

  • Género/Sexo: Masculino

377 ## - LENGUA/LENGUAJE ASOCIADO

  • Código del idioma: spa
  • Término de lengua/lenguaje: Español

400 1# - TRAZADO DE VÉASE--NOMBRE DE PERSONA

  • Nombre de persona: Cabral, E.

670 ## - FUENTE DE DATOS ENCONTRADOS

  • Cita de la fuente: Cabral, Euri, Juan Luis Guerra y 4-40 :, 2008.

670 ## - FUENTE DE DATOS ENCONTRADOS

  • Cita de la fuente: https://viaf.org/processed/LC%7Cn%20%2091097889

Powered by Koha